| 000 | 02706njm a2200457Ia 4500 | ||
|---|---|---|---|
| 001 | B9201 | ||
| 003 | IT-RoPAU | ||
| 005 | 20220918181112.0 | ||
| 008 | 131025s9999 xx 000 0 und d | ||
| 040 | _aIT-RoPAU | ||
| 040 | _cIT-RoPAU | ||
| 999 |
_c99110 _d99110 |
||
| 999 | _bn.d. | ||
| 100 |
_aAA.VV. _9794 |
||
| 100 |
_eAutore musica _929479 |
||
| 100 |
_gCodice autore musica SPICS: 12000 _9796 |
||
| 245 | _aIn That Dawn of Music | ||
| 250 | _a2a ed. | ||
| 260 | _aMILANO | ||
| 260 |
_bRUSCONI _c1993 [1a Ed.:0] |
||
| 300 | _aCOMPACT DISC | ||
| 300 | _c65 minuti (Testo: 0 pag.) | ||
| 500 | _aMusica jazz. Compact disc fuori commercio allegato al n. 10 1993 della rivista "Musica jazz". | ||
| 505 | _aSomeday My Prince Will Come [(Radio Danese, Copenaghen, 13 agosto 1990) (8:00)] - Impromptu n. 5 [(Ivrea, 12 marzo 1993) (5:00)] - Anthropology [(Roccella Jonica, 27 agosto 1992) (7:00)] - What's What [(Fabrik, Amburgo, 21 novembre 1992) (13:00)] - Je ne sais quoi [(Radio de la Suisse Romande, Losanna, 13 dicembre 1990) (9:00)] - Straight No Chaser [(Roccella Jonica, 27 agosto 1992) (5:00)] - In That Dawn of Music [(Roma, 18 aprile 1990) (8:00)] - Someday My Prince Will Come (Jazzhouse, Copenaghen, 20 novembre 1992) (12:00)] | ||
| 511 | _aPieranunzi Enrico: p; Vinding Mads: cb; Riel Alex: batt | ||
| 511 | _aPieranunzi Enrico: p | ||
| 511 | _aPieranunzi Enrico: p; Motian Paul: batt | ||
| 511 | _aTonolo Piero: ten; Pieranunzi Enrico: p; Pietropaoli Enzo: cb; Sferra Fabrizio: batt | ||
| 511 | _aPieranunzi Enrico: p; Johnson Marc: cb | ||
| 511 | _aPieranunzi Enrico: p; Motian Paul: batt | ||
| 511 | _aD'Anna Stefano: ten; Pieranunzi Enrico: p; Pietropaoli Enzo: cb; Gatto Roberto: batt | ||
| 511 | _aPieranunzi Enrico: p; Pietropaoli Enzo: cb; Sferra Fabrizio: batt | ||
| 650 |
_aJAZZ [COMPACT DISC] _eCodice MATERIA SPICS: 9949 _911822 |
||
| 700 |
_aPieranunzi Enrico _eInterprete _gCodice interprete SPICS: 16333 _929480 |
||
| 700 |
_aMorey Larry _eAutore musica _gCodice autore musica SPICS: 38373 _pSomeday My Prince Will Come - Someday My Prince Will Come _929481 |
||
| 700 |
_aChurchill Frank _eAutore _gCodice autore SPICS: 38374 _pSomeday My Prince Will Come - Someday My Prince Will Come _929482 |
||
| 700 |
_aPieranunzi Enrico _eAutore musica _gCodice autore musica SPICS: 16333 _pImpromptu n. 5 - What's What - Je ne sais quoi - In That Dawn of Music _929483 |
||
| 700 |
_aParker Charlie (B.) _eAutore musica _gCodice autore musica SPICS: 10799 _pAnthropology _929484 |
||
| 700 |
_aGillespie Dizzy _eAutore _gCodice autore SPICS: 10777 _pAnthropology _929485 |
||
| 700 |
_aMonk Thelonious _eAutore musica _gCodice autore musica SPICS: 10795 _pStraight No Chaser _929486 |
||
| 942 |
_cCD _2ddc |
||